| 000 | 03409nam a22003137a 4500 | ||
|---|---|---|---|
| 001 | 8999 | ||
| 003 | FISKH | ||
| 005 | 20251113114140.0 | ||
| 008 | 251113b cb ||||| |||| 00| 0 eng d | ||
| 020 | _a9789995084882 | ||
| 040 |
_aFISKH _bkhr _cFISKH _dFISKH |
||
| 050 | _aPZ7 | ||
| 082 | _a823 | ||
| 100 | _aKeonimol, Kong | ||
| 245 |
_aនាងពៅសក់ក្រអូប : _bFragrant-Haired Neang Pov / _cនិពន្ធដោយ លោក គង់ កែវនិមល , កែសម្រួលដោយ អ្នកស្រី គឹមស៊ុន សុធារី |
||
| 260 |
_aPhnom Penh : _bReading Books , _c2007. |
||
| 300 |
_a28 pages : _bcolor illustrations ; _c25 cm . |
||
| 490 | _aពិភពរឿងនិទាន | ||
| 505 | _aR | ||
| 520 | _aនាងពៅមានរូបសម្ផស្សស្អាត ថែមទាំងមានសក់ក្រអូបទៀតផង ។ ប្តីរបស់នាងជាអ្នកជំនួញ ។ ក្រោយមកមានចោរមកចាប់នាងហើយចោរបានសម្លាប់ប្តីនាង ។ ដោយប្រាជ្ញាឈ្លាសវៃរបស់នាង នាងក៏សម្លាប់ចោរហើយជួយប្តីនាងអោយរស់រានមានជីវិតវិញ ។ តែអកុសលនាងបានចាញ់កលទេវតាដែលខ្លែងខ្លួនជាសង្ឃ ។ នាងក៏សម្រេចចិត្តតែងខ្លួនជាប្រុសដើម្បីស្វែងរកប្តី ។ នាងបានសង្គ្រោះជីវិតកូនស្រីសេដ្ឋីដែលស្លាប់ដោយសារពស់ចឹក៕ សេដ្ឋីក៏អោយនាងរៀបការជាមួយកូនស្រីគាត់ ។ ក្រោយមកនាងក៏បានរកឃើញប្តីនាង ហើយក៏ប្រាប់ការពិតទាំងអស់ទៅកូនសេដ្ឋី ។ ហើយពួកគេក៏រស់នៅជាមួយគ្នាយ៉ាងសុខសាន្ត ។ | ||
| 520 | _aPov was a beautiful woman with fragrant, silky hair. Her husband was a merchant. One day, a group of bandits came and kidnapped her, killing her husband. But thanks to her cleverness and bravery, Pov managed to kill the bandits and save her husband’s life. Unfortunately, she was later deceived by a spirit disguised as a monk. Saddened and determined, Pov decided to disguise herself as a man in order to search for her husband. During her journey, she saved the life of a rich man’s daughter who had died from a snake bite. Grateful, the rich man offered his daughter’s hand in marriage to Pov, not knowing that Pov was actually a woman. Later on, Pov finally found her husband and revealed the whole truth to the rich man’s daughter. In the end, they all lived together happily and peacefully. | ||
| 521 | 8 |
_a680
_bLexile estimate |
|
| 521 | 8 |
_aR
_bRaz-Plus |
|
| 650 |
_aនាងពៅសក់ក្រអូប _vរឿងនិទានកុមារ |
||
| 650 |
_aFragrant-Haired Neang Pov _vChildren's Stories |
||
| 700 |
_aSan, Thai _eIllustrator |
||
| 942 |
_2ddc _cKHB _n0 |
||
| 999 |
_c8999 _d8999 |
||